000 01233nam a22002297a 4500
003 OSt
005 20260304063707.0
008 260304b |||||||| |||| 00| 0 eng d
020 _a0971880107
040 _aDWCL GS lib
_cOC
082 _aS 529w 2004
100 _aShapero, Rich
245 _aWILD ANIMUS
_cRich Sapero
260 _aToo Far, Woodside
_bCalifornia
_cc2004.
300 _avii, 315 pages:
_billustrations ;
_c24cm.
520 _aSam Altman is an intense young man with an animal energy whose unleashed and increasingly unhinged imagination takes him first to Seattle and then farther north, to the remote Alaskan wilderness. He has fallen deeply in love with the mysterious and powerful Lindy, a young woman who understands his quest, and who will do anything to help him realize it, no matter how bizarre or dangerous. On the unforgiving ridges of Mt. Wrangell, alone with his reckless ideas and a driving need to uncover his innermost self, Sam, who has renamed himself Ransom, gradually transforms himself into a ram, prey to a pack of strangely familiar wolves
546 _aEnglish
650 _aliterary adventure
650 _afiction novel
700 _aShapero, Rich
942 _2ddc
_cFIC.
_hFic.
_n0
999 _c8617
_d8617